|a A handbook on the WTO customs valuation agreement / (Record no. 4359)
[ view plain ]
| 000 -LEADER | |
|---|---|
| fixed length control field | nam a22 a 4500 |
| 005 - DATE AND TIME OF LATEST TRANSACTION | |
| control field | 20170529103121.0 |
| 008 - FIXED-LENGTH DATA ELEMENTS--GENERAL INFORMATION | |
| fixed length control field | 170529t2010 -us||||| |||| 00| 0 eng d |
| 020 ## - INTERNATIONAL STANDARD BOOK NUMBER | |
| International Standard Book Number | 9781107000841 |
| 040 ## - CATALOGING SOURCE | |
| Original cataloging agency | AKMAL |
| 082 ## - DEWEY DECIMAL CLASSIFICATION NUMBER | |
| Classification number | 382.92 ROS |
| 090 ## - LOCALLY ASSIGNED LC-TYPE CALL NUMBER (OCLC); LOCAL CALL NUMBER (RLIN) | |
| Classification number (OCLC) (R) ; Classification number, CALL (RLIN) (NR) | 382.92 |
| Local cutter number (OCLC) ; Book number/undivided call number, CALL (RLIN) | ROS |
| 100 1# - MAIN ENTRY--PERSONAL NAME | |
| Personal name | Rosenow, Sheri. |
| 9 (RLIN) | 8497 |
| 245 12 - TITLE STATEMENT | |
| Title | |a A handbook on the WTO customs valuation agreement / |
| Statement of responsibility, etc. | Sheri Rosenow and Brian J. O'Shea. |
| 260 ## - PUBLICATION, DISTRIBUTION, ETC. | |
| Place of publication, distribution, etc. | Cambridge : |
| Name of publisher, distributor, etc. | Cambridge University Press, |
| Date of publication, distribution, etc. | 2010. |
| 300 ## - PHYSICAL DESCRIPTION | |
| Extent | xv, 270 p. : |
| Other physical details | ill. ; |
| Dimensions | 24cm |
| 504 ## - BIBLIOGRAPHY, ETC. NOTE | |
| Bibliography, etc. note | Includes bibliographical references (p. 252) and index. |
| 505 0# - FORMATTED CONTENTS NOTE | |
| Formatted contents note | Transaction value method -- Alternative valuation methods -- Implementation and operation -- Administration and dispute settlement. |
| 610 20 - SUBJECT ADDED ENTRY--CORPORATE NAME | |
| Corporate name or jurisdiction name as entry element | World Trade Organization. |
| 9 (RLIN) | 6011 |
| 610 20 - SUBJECT ADDED ENTRY--CORPORATE NAME | |
| Corporate name or jurisdiction name as entry element | General Agreement on Tariffs and Trade (Organization) |
| 9 (RLIN) | 6012 |
| 650 10 - SUBJECT ADDED ENTRY--TOPICAL TERM | |
| Topical term or geographic name entry element | Customs appraisal |
| General subdivision | Law and legislation. |
| 9 (RLIN) | 8214 |
| 650 10 - SUBJECT ADDED ENTRY--TOPICAL TERM | |
| Topical term or geographic name entry element | Customs administration |
| General subdivision | Law and legislation. |
| 9 (RLIN) | 6000 |
| 700 1# - ADDED ENTRY--PERSONAL NAME | |
| Personal name | O'Shea, Brian J. |
| 9 (RLIN) | 8498 |
| 942 ## - ADDED ENTRY ELEMENTS (KOHA) | |
| Source of classification or shelving scheme | |
| Koha item type | Book |
| 950 ## - LOCAL HOLDINGS (RLIN) | |
| Permanent shelving location, LOC (RLIN) | AKMAL |
| Withdrawn status | Lost status | Source of classification or shelving scheme | Damaged status | Not for loan | Collection code | Home library | Current library | Shelving location | Date acquired | Inventory number | Total Checkouts | Full call number | Barcode | Date last seen | Price effective from | Koha item type |
|---|---|---|---|---|---|---|---|---|---|---|---|---|---|---|---|---|
| NON-FICTION | AKMAL Melaka | AKMAL Melaka | RUJUKAN | 29.05.2017 | 306044 | 382.92 ROS | 201706444 | 29.05.2017 | 29.05.2017 | Book |
